000 00927nam a2200289 i 4500
001 000017394
003 DO-SdBNP
005 20240412074247.0
007 ta
008 100324t2007 dr 001 p spa d
020 _a9789945420319
040 _aDO-SdBNP
_bspa
_cBNPHU
_erda
082 _aRD861.44
_bS684c
_222
100 1 _aSolano, Héctor
_eautor
_975248
245 1 0 _aConfidencias /
_cHéctor Solano.
264 1 _aSan Francisco de Macorís, República Dominicana :
_bRumbo Sur
_bNacional,
_c2007.
300 _a59 páginas ;
_c17 cm.
336 _2rdacontent
_atexto
_btxt
337 _2rdamedia
_asin mediación
_bn
338 _2rdacarrier
_avolumen
_bnc
500 _aIncluye datos biográficos del autor en la contracubierta.
590 _aInventariado, 2019 / DG
650 0 _aPoesía dominicana
_966
650 0 _aLiteratura dominicana.
_967
910 _aValidado. Control de calidad EMS.
942 _2ddc
_cLBS1
999 _c16919
_d16919